Music Quiz

Random Music or Word Play Quiz

Band Name Pictograms Quiz Stats

 Plays Quiz Updated Nov 23, 2014

Challenge
Share
Tweet
Score 0/22 Timer 07:00
23 Plays Today
% Correct
Red Hot Chili Peppers
98.6%
Guns N' Roses
95.5%
Linkin Park
94.1%
Earth, Wind and Fire
92.1%
Nine Inch Nails
90.4%
Alice in Chains
89.4%
3 Doors Down
88.4%
Def Leppard
82.2%
Third Eye Blind
75.7%
Van Halen
72.3%
Bowling For Soup
71.7%
% Correct
Meat Puppets
64.5%
Electric Light Orchestra
64.5%
Stone Temple Pilots
63.5%
Buffalo Springfield
63.3%
The Velvet Underground
59.2%
The Four Tops/The Spinners
57.6%
Fleetwood Mac
57%
Men Without Hats
56.7%
Three Dog Night
52.5%
Limp Bizkit
49.2%
Strawberry Alarm Clock
35.6%

You're not logged in!

Compare scores with friends on all Sporcle quizzes.
Join for Free
OR
Log In

You Might Also Like...

Show Comments

Extras

Top Quizzes Today


Score Distribution

Your Account Isn't Verified!

In order to create a playlist on Sporcle, you need to verify the email address you used during registration. Go to your Sporcle Settings to finish the process.

Report this User

Report this user for behavior that violates our Community Guidelines.

Details: